00794nam a2200193Ia 450000500170000000800410001704000810005804100080013911100920014724000130023924501100025226000710036230000260043365000420045965000220050165000320052365000260055565000190058120211108100040.0130821s xxu gr spa  aCo-BoUCMbspacJose A. Gerena (modificó)dAldemar Mondragón (modificó) aspa aConferencia interamericana de arbitraje comercialcWashington, Estados Unidosd1992nXI aMemorias13aLa XI conferencia interamericana de arbitraje comercialcInter-American Commercial Arbitration Commission aWashingtonbInter-American Commercial Arbitration Commissionc1992 apáginas volúmenes04aArbitramento comercialxLegislación04aDerecho comercial04aDerecho comercialzEspaña04aDerecho internacional04aLaudo arbitral